Vincitori Serie A - Statistics

Statistiche generali
  • Questo quiz è stato fatto 1.408 volte
    604 dall'ultimo reset
  • Il punteggio medio è 115 su 121
Statistiche sulle risposte
Edizione Vincitore % Corretto
1929-1930 | 1937-1938 | 1939-1940 Ambrosiana Inter
100%
1909-1910 | 1919-1920 | 1952-1953 | +14 others Inter
100%
1905 | 1925-1926 | 1930-1931 | +33 others Juventus
100%
1901 | 1906 | 1907 | +16 others Milan
100%
1986-1987 | 1989-1990 | 2022-2023 | 2024-2025 Napoli
99%
1973-1974 | 1999-2000 Lazio
98%
1941-1942 | 1982-1983 | 2000-2001 Roma
98%
1898 | 1899 | 1900 | +6 others Genoa
95%
1927-1928 | 1942-1943 | 1945-1946 | +4 others Torino
92%
1955-1956 | 1968-1969 Fiorentina
87%
1990-1991 Sampdoria
86%
1908 | 1909 | 1910-1911 | +4 others Pro Vercelli
84%
1924-1925 | 1928-1929 | 1935-1936 | +4 others Bologna
83%
1984-1985 Verona
76%
1969-1970 Cagliari
70%
1913-1914 Casale
37%
1921-1922 FIGC Novese
17%
Nessun quiz corrispondente trovato
Distribuzione punteggi
Percentuale di utenti per punteggio
Percentile per numero di risposta
I tuoi punteggi nel tempo
Non hai fatto questo quiz dall'ultimo reset